| 000 | 00646nam a22001937a 4500 | ||
|---|---|---|---|
| 005 | 20170420170805.0 | ||
| 010 | _aENG-117785 | ||
| 020 |
_a9789386392411 _c975.00 |
||
| 035 | _aEN-101317 | ||
| 037 | _bDBAD/PUB | ||
| 082 | _a793.31954 | ||
| 100 | _aSikand,Nandini | ||
| 245 |
_aLanguid bodies grounded stances : _cby Nandini Sikand _bthe curving pathway of neoclassical odissi dance / |
||
| 260 |
_aTelangana,India _bOrient Blackswan _c2017 |
||
| 270 |
_a3-6-752 Himayatnagar,Hyderabad _bTelangana,India _e500029 |
||
| 300 | v |
_axiii,234p.: _c23cm (Hb) _bill. |
|
| 500 | _aIncluded index | ||
| 942 |
_2ddc _cEN _mSIK _h793.31954 |
||
| 999 |
_c139117 _d139117 |
||